An account of an embassy to the kingdom of ava / (Record no. 129872)

MARC details
000 -LEADER
fixed length control field 00707nam a22002297a 4500
005 - DATE AND TIME OF LATEST TRANSACTION
control field 20170124110103.0
010 ## - LIBRARY OF CONGRESS CONTROL NUMBER
LC control number B-181228
020 ## - INTERNATIONAL STANDARD BOOK NUMBER
Terms of availability 400.00
International Standard Book Number 8180070069
035 ## - SYSTEM CONTROL NUMBER
System control number B-181228
037 ## - SOURCE OF ACQUISITION
Source of stock number/acquisition Cen Lib/Ret
040 ## - CATALOGING SOURCE
Original cataloging agency DPL
Language of cataloging EN
082 ## - DEWEY DECIMAL CLASSIFICATION NUMBER
Classification number 959.1
Item number SYM
100 ## - MAIN ENTRY--PERSONAL NAME
Personal name Symes, Michael
9 (RLIN) 27647
245 ## - TITLE STATEMENT
Title An account of an embassy to the kingdom of ava /
Statement of responsibility, etc by Michael Symes
260 ## - PUBLICATION, DISTRIBUTION, ETC. (IMPRINT)
Name of publisher, distributor, etc Irrawaddy Publications
Date of publication, distribution, etc 2003
Place of publication, distribution, etc New Delhi
270 ## - ADDRESS
City New Delhi
Address C-487, vikas puri
Postal code 110018
300 ## - PHYSICAL DESCRIPTION
Extent 415p.
Dimensions 21cm(Hb)
500 ## - GENERAL NOTE
General note Includes glossary and index
650 ## - SUBJECT ADDED ENTRY--TOPICAL TERM
Topical term or geographic name as entry element Asia--Ava (Kingdom)
9 (RLIN) 27648
650 ## - SUBJECT ADDED ENTRY--TOPICAL TERM
Topical term or geographic name as entry element Diplomatic relations
9 (RLIN) 85660
942 ## - ADDED ENTRY ELEMENTS (KOHA)
Source of classification or shelving scheme Dewey Decimal Classification
Koha item type English Books
Classification part 959.1
Call number suffix SYM
Holdings
Withdrawn status Lost status Damaged status Not for loan Home library Current library Date acquired Source of acquisition Cost, normal purchase price Total Checkouts Full call number Barcode Date last seen Date checked out Copy number Cost, replacement price Price effective from Koha item type
        Central Library Central Library 07/07/2015 Cen Lib/Ret 400.00 1 959.1 SYM B-181228 27/01/2018 13/01/2018 1 400.00 07/07/2015 English Books

© Delhi Public Library
Hit Counter
free hit counter